| 000 | 005040000a22001810004500 | ||
|---|---|---|---|
| 003 | LK-CoMWRAF | ||
| 008 | 230817t ||||| |||| 00| 0 eng d | ||
| 040 |
_aLK-CoMWRAF _dLK-CoMWRAF _eLK-CoMWRAF |
||
| 041 | _aeng | ||
| 082 |
_a760 _bLIY |
||
| 100 | _aLiyari, Vergeeniya A. | ||
| 100 | _aVikramasighe, Surya | ||
| 245 |
_aManitha urimaikal saddamum manithabimana saddamum or arimuka valikatti _b |
||
| 260 |
_aColombo _bNadesan nilaiyam _c1995 |
||
| 300 | _ap.95 | ||
| 650 | _alaw general | ||
| 942 | _cBK | ||
| 999 |
_c2861 _d2861 |
||